Practising interdisciplinarity / (Record no. 1435)

MARC details
000 -LEADER
fixed length control field 00552nam a22002057a 4500
003 - CONTROL NUMBER IDENTIFIER
control field OSt
005 - DATE AND TIME OF LATEST TRANSACTION
control field 20150414152928.0
008 - FIXED-LENGTH DATA ELEMENTS--GENERAL INFORMATION
fixed length control field 150414b xxu||||| |||| 00| 0 eng d
020 ## - INTERNATIONAL STANDARD BOOK NUMBER
International Standard Book Number 0802081398
040 ## - CATALOGING SOURCE
Transcribing agency DDC
082 ## - DEWEY DECIMAL CLASSIFICATION NUMBER
Edition number 22nd ed.
Classification number 001.42 PRA 2000
100 ## - MAIN ENTRY--PERSONAL NAME
Personal name Edited by Weingart Peter
9 (RLIN) 3793
245 ## - TITLE STATEMENT
Title Practising interdisciplinarity /
260 ## - PUBLICATION, DISTRIBUTION, ETC. (IMPRINT)
Place of publication, distribution, etc. Toronto;
Name of publisher, distributor, etc. University Press,
Date of publication, distribution, etc. 2000
300 ## - PHYSICAL DESCRIPTION
Extent xvi,294p;
Other physical details ill:
Dimensions 23cm
504 ## - BIBLIOGRAPHY, ETC. NOTE
Bibliography, etc References included
650 ## - SUBJECT ADDED ENTRY--TOPICAL TERM
Topical term or geographic name as entry element Research
9 (RLIN) 3727
700 ## - ADDED ENTRY--PERSONAL NAME
Personal name Stehr, Nico
9 (RLIN) 3794
942 ## - ADDED ENTRY ELEMENTS (KOHA)
Source of classification or shelving scheme Other/Generic Classification Scheme
Koha item type Open Shelf
Holdings
Withdrawn status Lost status Source of classification or shelving scheme Damaged status Not for loan Home library Current library Date acquired Source of acquisition Inventory number Total Checkouts Full call number Barcode Date last seen Koha item type
    Dewey Decimal Classification     MUST Main Library MUST Main Library 14/04/2015   14/37898   001.42 PRA 2000 2015-0945 14/04/2015 Open Shelf
    Other/Generic Classification Scheme     MUST Main Library MUST Main Library 14/04/2015   14/37899   001.42 PRA 2000 2015-0946 14/04/2015 Open Shelf